Đặc điểm ngôn ngữ báo chí nhìn từ hoạt động báo chí ở thành phố Hồ Chí Minh /

Saved in:
Bibliographic Details
Main Author: Trịnh Sâm, PGS.TS.
Format: Article
Language:Vietnamese
Subjects:
Tags: Add Tag
No Tags, Be the first to tag this record!
Institutions: Thư viện Trường Đại học Đà Lạt
LEADER 00826nam a2200265 4500
001 DLU090083997
005 ##20091029
040 # # |a DLU  |b vie 
041 # # |a vie 
044 # # |a vn 
100 # # |a Trịnh Sâm,   |c PGS.TS. 
245 # # |a Đặc điểm ngôn ngữ báo chí nhìn từ hoạt động báo chí ở thành phố Hồ Chí Minh /  |c Trịnh Sâm. 
653 # # |a Ngôn ngữ văn bản 
653 # # |a Ngôn ngữ văn học 
653 # # |a Ngôn ngữ viết 
773 # # |t Ngôn ngữ và đời sống  |g Số 12(158), 2008, tr. 11-15 
920 # # |a Phòng Tạp chí -- Trung tâm Thông tin - Thư viện Trường Đại học Đà Lạt 
994 # # |a DLU 
900 # # |a True 
911 # # |a Nguyễn Thị Linh Chi 
925 # # |a G 
926 # # |a A 
927 # # |a BB 
980 # # |a Thư viện Trường Đại học Đà Lạt